000 00281nam a22001337a 4500
008 170824b xxu||||| |||| 00| 0 eng d
020 _a9780321307156
041 _aeng
080 _26TH
_a51
100 _a38
101 _aMAT
245 _aCALCULUS
_cADAMS,R.A
942 _2udc
_cBK
999 _c24863
_d24863